| 000 | 00337nam a22001337a 4500 | ||
|---|---|---|---|
| 008 | 170608b xxu||||| |||| 00| 0 eng d | ||
| 020 | _a9780495501237 | ||
| 041 | _aeng | ||
| 080 | _a327 | ||
| 100 | _a18 | ||
| 101 | _aSHP | ||
| 245 |
_aTHE IEONY OF DEMOCRACY ANCOMMON INTRUDUCTON TO AMERICAN POLITICS _cDYE.TH.R |
||
| 942 |
_2udc _cBK |
||
| 999 |
_c16401 _d16401 |
||